Guess the Indo-European language - Statistics

General Stats
  • This quiz has been taken 96 times
  • The average score is 15 of 19
Answer Stats
*ḱm̥tóm *wĺ̥kʷos *méh₂tēr Answer % Correct
ciento lobo madre Spanish
97%
сто волк мать Russian
96%
centum lupus mater Latin
93%
hundred wolf mother English
92%
cent loup mère French
92%
Hundert Wolf Mutter German
91%
εκατό λύκος μητέρα Greek
91%
cento lobo mãe Portuguese
91%
cento lupo madre Italian
89%
honderd wolf moeder Dutch
82%
صد گرگ مادر Persian
82%
sto wilk mać Polish
79%
सौ वृक माँ Hindi
75%
hundra ulv moder Swedish
75%
сто вук мати Serbian
74%
céad olc máthair Irish
72%
šim̃tas vil̃kas mótė Lithuanian
71%
বৃক মা Bengali
60%
शंभर वृक माता Marathi
48%
No matching quizzes found
Score Distribution
Percent of People with Each Score
Percentile by Number Answered
Your Score History
You have not taken this quiz